| 000 | 00597nam a2200181 a 4500 | ||
|---|---|---|---|
| 001 | 6327 | ||
| 003 | CO-ViMGA | ||
| 008 | 141112s2004 ck r 000 u spa d | ||
| 040 |
_aCO-ViMGA _bspa _cCO-ViMGA |
||
| 082 | 0 | 4 | _a631.3 E761c |
| 100 | 1 |
_aEspaña. Ministerio de Agricultura, Pesca y Alimentación _95037 |
|
| 245 | 1 | 0 |
_aCaracterísticas tecnicas de la maquinaria agrícola : _bcosechadoras de cereales |
| 260 |
_aMadrid : _bMinisterio de Agricultura, _cPesca y Alimentación, _c1980 |
||
| 300 | _a(106 p) | ||
| 650 | 1 | 4 |
_aCOSECHADORAS _95038 |
| 650 | 1 | 4 | _aMAQUINARIA AGRICOLA |
| 942 |
_2ddc _cBK |
||
| 999 |
_c18297 _d18297 |
||